000 00256nam a2200109Ia 4500
008 140130s9999 xx 000 0 und d
245 _cCowley, Joy
_aApple banna cherry
260 _bScholastic,
_c2000
521 _aGrade 1
942 _cBK
999 _c40082
_d40082